Productivity growth, inflation, and unemployment : The collected essays of Robert J. Gordon
Seventeen essays include three previously unpublished works and offer sharply etched views on the principal topics of macroeconomics: growth, inflation, and unemployment. Robert Gordon re-examines their salient points in a new accessible introduction to modern macroeconomics. Each of the four parts...
Сохранить в:
| Главный автор: | |
|---|---|
| Формат: | |
| Язык: | Undetermined |
| Опубликовано: |
Cambridge, UK
Cambridge University Press
2003
|
| Предметы: | |
| Метки: |
Добавить метку
Нет меток, Требуется 1-ая метка записи!
|
| Thư viện lưu trữ: | Trung tâm Học liệu Trường Đại học Cần Thơ |
|---|
| LEADER | 01235nam a2200229Ia 4500 | ||
|---|---|---|---|
| 001 | CTU_116866 | ||
| 008 | 210402s9999 xx 000 0 und d | ||
| 020 | |c 66.46 | ||
| 082 | |a 339 | ||
| 082 | |b G665 | ||
| 100 | |a Gordon, Robert J. | ||
| 245 | 0 | |a Productivity growth, inflation, and unemployment : | |
| 245 | 4 | |b The collected essays of Robert J. Gordon | |
| 245 | 0 | |c Robert J. Gordon; Foreword by Robert M. Solow | |
| 260 | |a Cambridge, UK | ||
| 260 | |b Cambridge University Press | ||
| 260 | |c 2003 | ||
| 520 | |a Seventeen essays include three previously unpublished works and offer sharply etched views on the principal topics of macroeconomics: growth, inflation, and unemployment. Robert Gordon re-examines their salient points in a new accessible introduction to modern macroeconomics. Each of the four parts into which the essays are grouped also offers a new introduction. The foreword by Nobel Laureate Robert M. Solow comments on the continuing importance of these essays which date from 1968 to the present. | ||
| 650 | |a Macroeconomics,Employment ( economic theory ),Industrial productivity,Economic policy | ||
| 650 | |z United states | ||
| 904 | |i Minh | ||
| 980 | |a Trung tâm Học liệu Trường Đại học Cần Thơ | ||